<?xml version="1.0" encoding="UTF-8"?><?xml-stylesheet type="text/xsl" href="static/style.xsl"?><OAI-PMH xmlns="http://www.openarchives.org/OAI/2.0/" xmlns:xsi="http://www.w3.org/2001/XMLSchema-instance" xsi:schemaLocation="http://www.openarchives.org/OAI/2.0/ http://www.openarchives.org/OAI/2.0/OAI-PMH.xsd"><responseDate>2026-04-17T12:48:26Z</responseDate><request verb="GetRecord" identifier="oai:www.recercat.cat:10459.1/63758" metadataPrefix="marc">https://recercat.cat/oai/request</request><GetRecord><record><header><identifier>oai:recercat.cat:10459.1/63758</identifier><datestamp>2024-12-05T21:21:41Z</datestamp><setSpec>com_2072_3622</setSpec><setSpec>col_2072_479130</setSpec></header><metadata><record xmlns="http://www.loc.gov/MARC21/slim" xmlns:dcterms="http://purl.org/dc/terms/" xmlns:xsi="http://www.w3.org/2001/XMLSchema-instance" xmlns:doc="http://www.lyncode.com/xoai" xsi:schemaLocation="http://www.loc.gov/MARC21/slim http://www.loc.gov/standards/marcxml/schema/MARC21slim.xsd">
   <leader>00925njm 22002777a 4500</leader>
   <datafield ind2=" " ind1=" " tag="042">
      <subfield code="a">dc</subfield>
   </datafield>
   <datafield ind2=" " ind1=" " tag="720">
      <subfield code="a">Baró Aylón, Jaime</subfield>
      <subfield code="e">author</subfield>
   </datafield>
   <datafield ind2=" " ind1=" " tag="260">
      <subfield code="c">2011-04-12T17:51:27Z</subfield>
   </datafield>
   <datafield ind2=" " ind1=" " tag="260">
      <subfield code="c">2001-03-26</subfield>
   </datafield>
   <datafield ind2=" " ind1=" " tag="260">
      <subfield code="c">1993-02-26</subfield>
   </datafield>
   <datafield ind2=" " ind1=" " tag="260">
      <subfield code="c">2001-03-26</subfield>
   </datafield>
   <datafield ind2=" " ind1=" " tag="520">
      <subfield code="a">La malaltia coronària ha estat i segueix sent objecte central d'atenció i d'investigació en medicina interna i en medicina psicosomàtica considerant-se com una de les malalties psicosomàtiques «clàssiques». La freqüència d'aquesta malaltia com causa de mort i d'incapacitat laboral en les societats occidentals industrialitzades i la convicció de la importància dels factors psicològics en la etiologia de la mateixa han justificat un considerable interès en la investigació sobre les personalitats afectades i sobre les condicions d'aparició de les seves manifestacions agudes. Això no obstant, encara en el no llunyà 1987, Booth-Kewley i Friedman afirmaven que «després de gairebé un segle d'especulació i tres dècades d'intensa investigació, la naturalesa de la relació entre els factors psicològics i la malaltia coronària és encara poc clara».</subfield>
   </datafield>
   <datafield ind2=" " ind1=" " tag="520">
      <subfield code="a">La enfermedad coronaria ha sido y sigue siendo objeto central de atención y de investigación en medicina interna y en medicina psicosomática considerándose como una de las enfermedades psicosomáticas «clásicas». La frecuencia de esta enfermedad como causa de muerte y de incapacidad laboral en las sociedades occidentales industrializadas y la convicción de la importancia de los factores psicológicos en la etiología de la misma han justificado un considerable interés en la investigación sobre las personalidades afectadas y sobre las condiciones de aparición de sus manifestaciones agudas. No obstante, todavía en el no lejano 1987, Booth-Kewley y Friedman afirmaban que «después de casi un siglo de especulación y tres décadas de intensa investigación, la naturaleza de la relación entre los factores psicológicos y la enfermedad coronaria es todavía poco clara».</subfield>
   </datafield>
   <datafield ind1="8" ind2=" " tag="024">
      <subfield code="a">http://hdl.handle.net/10459.1/63758</subfield>
   </datafield>
   <datafield tag="653" ind2=" " ind1=" ">
      <subfield code="a">malalties</subfield>
   </datafield>
   <datafield tag="653" ind2=" " ind1=" ">
      <subfield code="a">cor</subfield>
   </datafield>
   <datafield tag="653" ind2=" " ind1=" ">
      <subfield code="a">infart</subfield>
   </datafield>
   <datafield tag="653" ind2=" " ind1=" ">
      <subfield code="a">Ciències experimentals de la natura i la vida</subfield>
   </datafield>
   <datafield tag="653" ind2=" " ind1=" ">
      <subfield code="a">616.1</subfield>
   </datafield>
   <datafield ind2="0" ind1="0" tag="245">
      <subfield code="a">Análisis de situaciones psicológicas desencadenantes en pacientes afectos de infarto de miocardio</subfield>
   </datafield>
</record></metadata></record></GetRecord></OAI-PMH>